000 00578nam a2200193 4500
001 144377
003 ES-MaACL
005 20230906201014.0
007 t|
008 070214s1985 sp r ||||1| spa d
020 _a84-322-4562-3
100 1 _aSignoret, Simone.
_9106311
245 1 0 _aAdiós, Volodia /
_cSimone Signoret ; traducción del francés por Ana María de la Fuente.
250 _a1ª. ed.
260 _aBarcelona :
_bSeix Barral,
_c1985.
300 _a380 p. ;
_c21 cm.
700 1 _aFuente, Ana María de la.
_952831
852 _aES-MaACL
_jL-10212
_bR.111675
999 _c144377
_d144377